| 000 | 004070000a22001690004500 | ||
|---|---|---|---|
| 003 | MACL | ||
| 005 | 20160130123535.0 | ||
| 008 | 160130b xxu||||| |||| 00| 0 eng d | ||
| 040 |
_aMACL _cMACL |
||
| 041 | _aEnglish | ||
| 082 | _a823/CRI | ||
| 100 |
_aCrichton, Michael _935375 |
||
| 245 | _aTimeline | ||
| 260 |
_bArrow Publishing _c2000 _aLondon |
||
| 650 |
_aFiction _935883 |
||
| 942 |
_cBK _k823/ Cri _2ddc |
||
| 999 |
_c31028 _d31028 |
||